[Event "BCF-ch U16"]
[Site "Aberystwyth"]
[Date "2014.07.25"]
[Round "6"]
[White "Twigge Molecey, Billy"]
[Black "Vir, Prashast"]
[Result "1/2-1/2"]
[WhiteElo "1877"]
[BlackElo "1682"]
[PlyCount "53"]
[EventDate "2014.07.21"]
[EventType "swiss"]
[EventRounds "7"]
[EventCountry "WLS"]
[SourceTitle "CBM 161 Extra"]
[Source "ChessBase"]
[SourceDate "2014.08.29"]
[SourceVersion "1"]
[SourceVersionDate "2014.08.29"]
[SourceQuality "1"]

1. e4 c5 2. c3 Nf6 3. e5 Nd5 4. d4 cxd4 5. Qxd4 e6 6. Nf3 Nc6 7. Qe4 d6 8. Nbd2 Nxe5 9. Nxe5 dxe5 10. Qxe5 Qd6 11. Bb5+ Bd7 12. Bxd7+ Qxd7 13. 0-0 Qd6 14. Qxd6 Bxd6 15. Ne4 Bf4 16. Bxf4 Nxf4 17. Rfd1 Ke7 18. g3 Nd5 19. Rd2 Rac8 20. Rad1 Rhd8 21. Rd4 f5 22. Ng5 h6 23. Nxe6 Kxe6 24. c4 Rd6 25. cxd5+ Kf6 26. R1d2 Rd7 27. b3 1/2-1/2

[Event "BCF-ch U16"]
[Site "Aberystwyth"]
[Date "2014.07.24"]
[Round "5"]
[White "Vir, Prashast"]
[Black "Howell, Matthew G"]
[Result "1-0"]
[WhiteElo "1682"]
[BlackElo "1506"]
[PlyCount "89"]
[EventDate "2014.07.21"]
[EventType "swiss"]
[EventRounds "7"]
[EventCountry "WLS"]
[SourceTitle "CBM 161 Extra"]
[Source "ChessBase"]
[SourceDate "2014.08.29"]
[SourceVersion "1"]
[SourceVersionDate "2014.08.29"]
[SourceQuality "1"]

1. d4 e6 2. c4 Nf6 3. Nf3 b6 4. a3 Bb7 5. Nc3 Be7 6. Qc2 0-0 7. Bf4 h6 8. e3 d6 9. Be2 Nbd7 10. 0-0 Nh5 11. Bg3 Nxg3 12. hxg3 Nf6 13. Rad1 Re8 14. Rfe1 Bf8 15. e4 Qe7 16. Bd3 e5 17. d5 Ng4 18. Nd2 Qg5 19. Nf1 h5 20. Qd2 Qxd2 21. Rxd2 g6 22. f3 Nf6 23. Kf2 Bh6 24. Ne3 Nd7 25. b4 a5 26. Rb1 axb4 27. axb4 Nb8 28. c5 bxc5 29. bxc5 Bc8 30. Nb5 Re7 31. cxd6 cxd6 32. Nxd6 Nd7 33. Nxc8 Rxc8 34. Rb7 Rd8 35. Bb5 Kf8 36. d6 Re6 37. Bxd7 Rf6 38. Rc7 Kg7 39. Rd3 Rb8 40. Rc2 Rd8 41. Rc7 Rb8 42. Nc4 Rb4 43. Be8 Kf8 44. d7 Rb8 45. d8Q 1-0

[Event "BCF-ch U16"]
[Site "Aberystwyth"]
[Date "2014.07.23"]
[Round "3"]
[White "Vir, Prashast"]
[Black "Zhou, Yang Jian"]
[Result "0-1"]
[WhiteElo "1682"]
[BlackElo "1755"]
[PlyCount "118"]
[EventDate "2014.07.21"]
[EventType "swiss"]
[EventRounds "7"]
[EventCountry "WLS"]
[SourceTitle "CBM 161 Extra"]
[Source "ChessBase"]
[SourceDate "2014.08.29"]
[SourceVersion "1"]
[SourceVersionDate "2014.08.29"]
[SourceQuality "1"]

1. d4 Nf6 2. c4 g6 3. Nf3 Bg7 4. g3 0-0 5. Bg2 d6 6. 0-0 Nc6 7. d5 Ne5 8. Nxe5 dxe5 9. Nc3 Bd7 10. h3 Qc8 11. Kh2 c6 12. e4 Ne8 13. Be3 Nd6 14. c5 Nc4 15. Bc1 cxd5 16. Nxd5 Qxc5 17. b3 e6 18. bxc4 exd5 19. cxd5 Qd6 20. Qb3 Qa6 21. Be3 Rac8 22. Rfc1 b6 23. Bf1 Qb7 24. Qa3 Rxc1 25. Rxc1 Qb8 26. Ba6 f5 27. f3 f4 28. Bf2 fxg3+ 29. Bxg3 Qd8 30. Be2 Qg5 31. Rc7 Qd2 32. Qd3 Qxd3 33. Bxd3 Rxf3 34. Rxd7 Rxd3 35. Rxa7 Rd2+ 36. Kg1 Kf8 37. Rb7 Rxa2 38. Rxb6 Ra4 39. Rb8+ Kf7 40. Rb7+ Kf8 41. d6 Rd4 42. Rb8+ Kf7 43. Rb7+ Kf8 44. Rxg7 Rd1+ 45. Kf2 Kxg7 46. Bxe5+ Kf7 47. Ke2 Rb1 48. Kf3 Ke6 49. Bf4 Rf1+ 50. Ke3 Rh1 51. Kd4 Rxh3 52. Kc5 Rc3+ 53. Kd4 Rf3 54. Bh2 g5 55. e5 g4 56. Ke4 h5 57. Kd4 g3 58. Bg1 g2 59. Ke4 Rf1 0-1

[Event "BCF-ch U16"]
[Site "Aberystwyth"]
[Date "2014.07.21"]
[Round "1"]
[White "Vir, Prashast"]
[Black "Gallagher, Daniel GH"]
[Result "0-1"]
[WhiteElo "1682"]
[BlackElo "1856"]
[PlyCount "58"]
[EventDate "2014.07.21"]
[EventType "swiss"]
[EventRounds "7"]
[EventCountry "WLS"]
[SourceTitle "CBM 161 Extra"]
[Source "ChessBase"]
[SourceDate "2014.08.29"]
[SourceVersion "1"]
[SourceVersionDate "2014.08.29"]
[SourceQuality "1"]

1. d4 Nf6 2. c4 g6 3. Nf3 Bg7 4. g3 0-0 5. Bg2 d6 6. 0-0 Nbd7 7. Qc2 e5 8. Rd1 exd4 9. Nxd4 Re8 10. Nc3 a5 11. e4 Nc5 12. h3 h6 13. Be3 Qe7 14. Ndb5 Rb8 15. Bf4 g5 16. Be3 b6 17. Nd5 Nxd5 18. exd5 Ne4 19. Nd4 Bd7 20. Re1 f5 21. Rad1 Qf7 22. Bc1 Re7 23. g4 Rbe8 24. gxf5 Bxf5 25. Nxf5 Qxf5 26. f3 Ng3 27. Qxf5 Nxf5 28. Kf2 Rxe1 29. Rxe1 Bd4+ 0-1